000 00346cam a2200145 4500
008 020919n2002 000 0 eng u
020 _a0414012895
035 _a(Sirsi) u119747
041 _aeng
100 _aRoss, K.
245 _aContaminated land for conveyancers
260 _aEdinburgh
_bW.Green
_c2002
350 _a38.00
942 _n0
999 _c102379
_d102379